000 00232 a2200097 4500
001 33795
100 _aAlmas M. A.
245 _aSultan Mehmood Ghazanvi [UIrdu]
260 _aLahore
_bMaktabh Al Quresh
_c2004
090 _c22447
_d22447
942 _aNUST-CAE
_cM
_c13833
999 _c268868
_d268868